Rodzaje Muzyki (Gatunki muzyczne) - Statystyki

Ogólne statystyki
  • Ten quiz został rozwiązany 946 razy
    879 od ostatniego zresetowania
  • Średni wynik to 7 z 14
Statystyki odpowiedzi
Odpowiedzi % Poprawnych
POP
93%
Rock | Hard Rock | Heavy Metal
91%
Rap | Hip Hop
89%
Jazz
68%
Disco
59%
Klasyczna
57%
Blues
38%
Country
36%
Disco Polo
30%
K-Pop
30%
Reggae
24%
Folk | Biesiada
23%
R&B
20%
Muzyka Elektroniczna
5%
Nie znaleziono quizów pasujących do podanych kryteriów
Rozkład punktacji
Procent ludzi z każdym wynikiem
Percentyl według liczby udzielonych odpowiedzi
Twoja historia wyników
Nie rozwiązałeś tego quizu od ostatniego zresetowania